000 01267nam0a2200373 4500
001 RU\NLR\bibl\313151
005 20260408183157.0
010 _a5-94120-067-6
_95000
021 _aRU
_b2002-29245
_91456
035 _a(NLR Aleph) 000308256
090 _a25821
_c25821
100 _a20020925d2002 u y0rusy50 ca
101 0 _arus
102 _aRU
105 _aa |||||||||
200 1 _aEpcos: индуктивные компоненты
_f[И. С. Мамонтов, С. Е. Пряхин]
210 _aМ.
_cДодэка
_cДодэка-XXI
_d2002
215 _a62 с.
_cил.
_d26
225 1 _aБиблиотека электронных компонентов
_eБЭК
_vВып. 21
313 _aпред.изд.2001г.
606 _aСердечники (электр.) ферритовые
_jКаталоги
_3RU\NLR\auth\661022879
_91639058
610 0 _aСердечники ферритовые
675 _a621.318.3
_v3
_zrus
686 _a44
_2rugasnti
686 _a32.843.5
_2rubbk
686 _aЗ26-043я87
686 _aЗ843.514я87
702 1 _aМамонтов
_bИ. С.
_4220
801 0 _aRU
_bRKP
_c20020925
_gPSBO
801 1 _aRU
_bRKP
_c20020925
801 2 _aRU
_bNLR
_c20021206
_grcr
942 _cBOOK
980 _aNB